Biggest Cities in Europe in 1500 - Statistics

General Stats
  • This quiz has been taken 1,075 times
    1,071 since last reset
  • The average score is 33 of 54
Answer Stats
Population Country
(modern day)
City % Correct
200k Turkey Constantinople
99%
185k France Paris
99%
80k Russia Moscow
96%
55k Italy Rome
96%
89k Italy Milan
94%
70k Czech Republic Prague
93%
115k Italy Venice
93%
65k Portugal Lisbon
92%
114k Italy Naples
92%
50k United Kingdom London
90%
31k Belgium Brussels
89%
70k Italy Florence
88%
35k Greece Athens
85%
40k France Lyon
85%
40k Austria Vienna
85%
37k Belgium Antwerp
84%
62k Italy Genoa
84%
30k France Marseille
84%
46k Spain Seville
82%
55k Italy Palermo
80%
75k Spain Valencia
79%
80k Belgium Ghent
74%
30k Germany Hamburg
74%
45k North Macedonia Skopje
74%
45k Germany Cologne
72%
55k Italy Bologna
71%
60k Belgium Bruges
71%
30k Serbia Belgrade
70%
40k Greece Thessaloniki
70%
70k Spain Granada
69%
35k Spain Córdoba
64%
127k Turkey Adrianople
63%
30k France Toulouse
60%
39k Italy Verona
60%
30k Poland Gdańsk
55%
35k Spain Toledo
55%
50k France Rouen
47%
37k Russia Veliky Novgorod
46%
31k Italy Messina
44%
38k Germany Nuremberg
41%
50k Russia Smolensk
31%
34k Germany Augsburg
29%
40k Spain Valladolid
29%
49k Italy Brescia
27%
30k Italy Lucca
27%
30k France Metz
27%
38k Italy Ferrara
22%
45k Russia Pskov
19%
50k Romania Târgoviște
13%
40k Italy Cremona
12%
35k Belgium Tournai
11%
35k Ukraine Feodosia
10%
33k Romania Suceava
8%
32k France Bourges
7%
No matching quizzes found
Score Distribution
Percent of People with Each Score
Percentile by Number Answered
Your Score History
You have not taken this quiz since the last reset